LIBRARY & INFORMATION CENTRE, KCAET, TAVANUR

ONLINE PUBLIC ACCESS CATALOGUE (OPAC)

Agricultural co-operation in India: A handbook for students and social workers / (Record no. 7329)

MARC details
000 -LEADER
fixed length control field 00510cam a2200181ua 4500
020 ## - INTERNATIONAL STANDARD BOOK NUMBER
ISBN 81-85047-06-5
041 ## - LANGUAGE CODE
Language code of text/sound track or separate title eng
082 ## - DEWEY DECIMAL CLASSIFICATION NUMBER
Classification number 630.33
Item number MAT/AG
100 ## - MAIN ENTRY--AUTHOR NAME
Personal name Matthai, John .
245 ## - TITLE STATEMENT
Title Agricultural co-operation in India: A handbook for students and social workers /
250 ## - EDITION STATEMENT
Edition statement 1 /
260 ## - PUBLICATION, DISTRIBUTION, ETC. (IMPRINT)
Place of publication Newdelhi :
Name of publisher Relience publishers ,
Year of publication 1986.
300 ## - PHYSICAL DESCRIPTION
Number of Pages 187 ; .
942 ## - ADDED ENTRY ELEMENTS (KOHA)
Koha item type Books
Holdings
Withdrawn status Lost status Damaged status Home library Current library Date acquired Full call number Accession Number Koha item type
      KAUAET KAUAET 27/03/1987 630.33 16184 Books
free website counter